000 00728nam a22002057a 4500
001 113936
003 DR-UNIBE
005 20250819105553.0
008 250724b2009 mx ||||| |||| 00| 0 spa d
040 _aBIBLIOTECA UNIBE
_cBIBLIOTECA UNIBE
_erda
041 _aspa
082 _aF 5711
110 2 _aFondo de Desarrollo de las Naciones Unidas para la Mujer (UNIFEM)
_9198222
245 _aConvención sobre la eliminación de todas las formas de discriminación contra la mujer
260 _aMéxico :
_bFondo de Desarrollo de las Naciones Unidas para la Mujer (UNIFEM),
_c2009
300 _a58 páginas
650 _2lemb
_aMujeres
_xCondiciones sociales
_917138
653 _aMujeres --Discriminación
942 _2ddc
_cMX
999 _c113936
_d113936